Responses for Show #7589 - Thursday, September 14, 2017

Contestants

[<< previous game]

Larry Coben, an archaeologist and foundation executive director from New York, New York

Ellen Wernecke, a social media analyst from Chicago, Illinois

Jen Sosnowski, a high school science teacher from Roanoke, Virginia (whose 1-day cash winnings total $28,801)

[next game >>]

Jeopardy! Round responses

U.S. BUILDINGS
CLAM UP
3 OF A KIND
"LIKE" A SONG
SYMBOLS
IT'S AN INTERJECTION!
    $200 2
Caesars Palace

Larry
    $200 4
a pearl

Ellen
    $200 9
(Ellen: Who is Scrooge McDuck?)

Donald Duck

EllenLarry
    $200 5
"Fly Like An Eagle"

Larry
    $200 1
Uncle Sam

Larry
    $200 14
10-4

Larry
    $400 3
the Mormon Tabernacle

Jen
    $400 18
bivalves

Jen
    $400 10
rock, paper, scissors

Ellen
    $400 11
"Walk Like An Egyptian"

Jen
    $400 12
the Union Jack

Ellen
    $400 20
darn

Jen
    $600 6
Woolworth (Building)

Larry
    $600 19
a steamer clam

Triple Stumper
    $600 15
the Niña, the Pinta and the Santa Maria

Ellen
    $600 13
"Smells Like Teen Spirit"

Jen
    $600 23
Superman

Ellen
    $600 21
bingo

Jen
    $800 7
Faneuil Hall

Ellen
    $800 29
calcium carbonate

Jen
    $800 17
cello

Jen
    $800 16
"Like A Surgeon"

Jen
    $800 26
yin and yang

Jen
    $800 22
wow

Triple Stumper
    $1000 8
Santa Fe

Larry
    $1000 30
flats

Ellen
    $1000 25
Hades

Larry
    $1000 24
"Love You Like A Love Song"

Ellen
    $3,500 27
(Jen: What are staffs?)
(Alex: No. "Really took off" because they added [*].)

wings

Jen
    $1000 28
touché

Jen

Scores at the first commercial break (after clue 15):

Jen Ellen Larry
$1,400 $2,200 $2,600

Scores at the end of the Jeopardy! Round:

Jen Ellen Larry
$3,500 $4,800 $3,600

Double Jeopardy! Round responses

THE SUMMER OF LOVE: 1967
THEIR FIRST PUBLISHED NOVEL
LANGUAGES OF AFRICA
MOVIE QUEENS
THE ORIENT EXPRESS
IT'S IN INTERJECTION
(Alex: Each correct response will be a word made up of some of the letters that you find in the word "interjection".)
    $400 6
Thurgood Marshall

Larry
    $400 14
Joseph Heller

Ellen
    $400 11
the Nile

Larry
    $400 19
Marie Antoinette

Jen
    $400 26
the bar car

Jen
    $400 1
(Larry: What is rote?)

recite

JenLarry
    $800 7
John Paul II

Jen
    $800 15
H.G. Wells

Ellen
    $800 12
South Africa

Larry
    $800 20
(Jen: Who is The Other Boleyn Girl?)

The King's Speech

JenEllen
    $800 27
Agatha Christie

Ellen
    $800 2
(Larry: What is a twitch?)

a tic

Larry
Triple Stumper
    $1200 8
Wimbledon

Ellen
    $1200 16
John Green

Ellen
    $1200 13
(Larry: What is Indonesia?)
(Jen: What is Malaysia?)

Madagascar

JenEllenLarry
    $1200 21
Tony Blair

Ellen
    $1200 28
George Pullman

Jen
    $1200 3
a crone

Jen
    $1600 9
(Ellen: What is marijuana?)

LSD

JenEllen
    $1600 17
Amy Tan

Jen
    $2,000 23
(Larry: What is French?)

Portuguese

Larry
    $1600 22
(Cate) Blanchett

Larry
    $4,000 29
(Jen: What is... Shanghai?)

Istanbul

Jen
    $1600 4
a cretin

Triple Stumper
    $2000 10
Detroit

Larry
    $2000 18
Kurt Vonnegut, Jr.

Triple Stumper
    $2000 24
Berber

Ellen
    $2000 25
Judi Dench

Triple Stumper
    $2000 30
the Brenner Pass

Triple Stumper
    $2000 5
a recto

Larry

Scores at the end of the Double Jeopardy! Round:

Jen Ellen Larry
$5,100 $12,800 $6,400
(lock-tie game)

[wagering suggestions for these scores]

Final Jeopardy! Round responses

BUSINESSMEN
(Alex: [To Jen] The name of his corporation, of course? Virgin.)
JenWho is Richard Branson?
$0
LarryWho is Murdoch - Murdoch
$6,400
EllenWho Mackintosh
$6,300
Richard Branson

Final scores:

Jen Ellen Larry
$5,100 $6,500 $0
2nd place: $2,000 New champion: $6,500 3rd place: $1,000

Game dynamics:

Coryat scores:

Jen Ellen Larry
$12,600 $12,800 $8,400
19 R,
4 W
(including 2 DDs)
17 R,
2 W
14 R,
4 W
(including 1 DD)

Combined Coryat: $33,800

[game clues] [game scores] [suggest correction]

Game tape date: 2017-04-17
The J! Archive is created by fans, for fans. Scraping, republication, monetization, and malicious use prohibited; this site may use cookies and collect identifying information. See terms. The Jeopardy! game show and all elements thereof, including but not limited to copyright and trademark thereto, are the property of Jeopardy Productions, Inc. and are protected under law. This website is not affiliated with, sponsored by, or operated by Jeopardy Productions, Inc. Join the discussion at JBoard.tv.